000 00499nam a2200169Ia 4500
008 090201s9999 xx 000 0 und d
010 _aKPL-46865
040 _bमराठी
041 _aमराठी
082 _a26626
_b46865
100 _a कुसुमाग्रज
245 _aपाथेय
_c कुसुमाग्रज
260 _c2004
_bपॉप्युलर प्रकाशन
300 _a95
_bमोठा
600 _aपाथेय
942 _cBOOK
999 _c225672
_d225672